Reading in mathematics : Middle school mathematics teachers' beliefs and practices (Record no. 75655)

MARC details
000 -CABECERA
campo de control de longitud fija 00672nam a2200229 a 4500
005 - FECHA Y HORA DE LA ÚLTIMA TRANSACCIÓN
campo de control 20210219153404.0
008 - ELEMENTOS DE LONGITUD FIJA--INFORMACIÓN GENERAL
campo de control de longitud fija 991125n 000 0 u
035 ## - NÚMERO DE CONTROL DEL SISTEMA
Número de control de sistema UPN01000095792
100 ## - ASIENTO PRINCIPAL--NOMBRE PERSONAL
Nombre de persona Muth, K. Denise
222 ## - TÍTULO CLAVE
Título clave READING RESEARCH AND INSTRUCTION
245 ## - MENCIÓN DE TÍTULO
Título Reading in mathematics : Middle school mathematics teachers' beliefs and practices
300 ## - DESCRIPCIÓN FÍSICA
Extensión 76-83
362 ## - FECHAS DE PUBLICACIÓN Y/O DESIGNACIÓN SECUENCIAL
Fecha de publicación y/o designación secuencial 32, No. 2, 1993
505 ## - NOTA DE CONTENIDO CON FORMATO PREESTABLECIDO
Nota de contenido con formato Agosto 1993
653 0# - TERMINO DE INDIZACION - NO CONTROLADO
Término no controlado ACTITUD DOCENTE
653 0# - TERMINO DE INDIZACION - NO CONTROLADO
Término no controlado DESARROLLO DEL MAESTRO
653 0# - TERMINO DE INDIZACION - NO CONTROLADO
Término no controlado ENSE\197ANZA MATEMATICA
653 0# - TERMINO DE INDIZACION - NO CONTROLADO
Término no controlado LECTURA DEL AREA DEL CONTENIDO
653 0# - TERMINO DE INDIZACION - NO CONTROLADO
Término no controlado ROL DEL MAESTRO
904 ## - ELEMENTOS DE DATOS D LOCAL, LDD (RLIN)
a AC
b 033603
905 ## - TIPO DE MATERIAL
Tipo de material Articulo

No items available.